| 000 -ლიდერი |
| ფიქსირებული სიგრძის საკონტროლო ველი |
01224nam a2200265Ia 4500 |
| 001 - საკონტროლო ნომერი |
| საკონტროლო ველი |
4500 |
| 003 - საკონტროლო ნომრის იდენტიფიკატორი |
| საკონტროლო ველი |
GE_BSU |
| 005 - ბოლო ოპერაციის თარიღი და დრო |
| საკონტროლო ველი |
20191017101720.0 |
| 008 - ფიქსირებული სიგრძის მონაცემთა ელემენტები - ზოგადი ინფორმაცია |
| ფიქსირებული სიგრძის საკონტროლო ველი |
181216s2012||||ge |||||||||||||| ||geo|| |
| 040 ## - კატალოგიზაციის წყარო |
| Transcribing agency |
GE_BSU |
| 041 ## - ენის კოდი |
| Language code of text/sound track or separate title |
geo |
| 080 ## - უნივერსალური ათობითი კლასიფიკაციის ინდექსი |
| Universal Decimal Classification number |
51(063) ს–32 |
| 245 ## - ცნობა სათაურის შესახებ |
| Title |
საქართველოს მათემატიკოსთა კავშირი : |
| Remainder of title |
3, 2012, თეზისების კრებული, ბათუმი, 2-9 სექტემბერი / |
| 264 ## - წარმოების, გამოცემის, დისტრიბუციის და სხვა ცნობები |
| გამოცემის, წარმოების, დისტრიბუციის... ადგილი |
ბათუმი, |
| გამოცემის, წარმოების, დისტრიბუციის... თარიღი |
2012. |
| 300 ## - ფიზიკური აღწერა |
| Extent |
221 გვ. |
| Other physical details |
ფოტ. ; |
| Dimensions |
29 სმ. |
| 500 ## - ზოგადი შენიშვნა |
| General note |
ტექსტი ქართ. და ინგლ. |
| 653 ## - INDEX TERM--UNCONTROLLED |
| Uncontrolled term |
მათემატიკა |
| 653 ## - INDEX TERM--UNCONTROLLED |
| Uncontrolled term |
კონფერენციები; |
| 700 ## - ADDED ENTRY--PERSONAL NAME |
| Personal name |
ბაერისვილი, დიონის |
| Relator term |
ავტორი |
| 9 (RLIN) |
4784 |
| 700 ## - ADDED ENTRY--PERSONAL NAME |
| Personal name |
ბალაძე, ვლადიმერ |
| Relator term |
ავტორი |
| 9 (RLIN) |
4118 |
| 700 ## - ADDED ENTRY--PERSONAL NAME |
| Personal name |
ჩობანიანი, სერგეი |
| Relator term |
ავტორი |
| 9 (RLIN) |
4785 |
| 700 ## - ADDED ENTRY--PERSONAL NAME |
| Personal name |
ლევენტალი, შლომო |
| 9 (RLIN) |
4786 |
| 700 ## - ADDED ENTRY--PERSONAL NAME |
| Personal name |
გორდეზიანი, დავით და სხვ. |
| Relator term |
ავტორი |
| 9 (RLIN) |
4787 |
| 942 ## - ADDED ENTRY ELEMENTS (KOHA) |
| Koha item type |
წიგნი |
| Source of classification or shelving scheme |
|